000 01684nam2a22002531 4500
001 RU\NLR\INFOCOMM31\1000097915
005 20250617055227.0
035 _a(NLR Aleph) 002501272
090 _a2595383
_c2595383
100 _a20040819d1984 |||y0rusy50 ca
101 0 _arus
102 _aRU
105 _ay |||||||||
200 1 _aРазвитие бытового обслуживания на селе в свете продовольственной программы
_fВ.П. Лексаков
210 _d1984
_aБ. м.
461 0 _1001RU\NLR\INFOCOMM31\1000097912
_12001#$aБытовое обслуживание населения$eОбзор. информ.$iОбзор по информационному обеспечению целевых комплексных научно-технических программ по решению важнейших научно-технических проблем$fМ-во быт. обслуж. населения РСФСР. ЦБНТИ$v1984, [Вып.1]
_92595357
_cМ.
_d1982-
_fМ-во быт. обслуж. населения РСФСР. ЦБНТИ
_iОбзор по информационному обеспечению целевых комплексных научно-технических программ по решению важнейших научно-технических проблем
_oОбзор. информ.
_tБытовое обслуживание населения
_x0207-7701
_v1984, [Вып.1]
700 1 _aЛексаков
_bВ.П.
_4070
801 1 _aRU
_bInfoComm
_c20040819
801 0 _aRU
_bNLR
_gPSBO
852 _aNLR
_jП22/5029
942 _cISSUE
980 _aNB
980 _aRUSPER